Le quiz à l'envers ! - Statistiques

Statistiques générales
  • Ce quiz a été pris 141 fois
  • Le résultat moyen est 2 sur 13
Answers on the Grid
Answers color-coded by a green-red scale on the quiz's grid according to % correct below.
La France possède plus de 70,000,000 d'habitants
La Mongolie est le 7e pays le moins densément peuplé
La photosynthèse est la "respiration" des plantes
L'huile d'olive contient de l'eau
Le S.W.A.T. est une police canadienne
Les télécommandes de télévisions utilisent les signaux infrarouges
L'eau boue à 212*F
Un bitcoin n'a jamais valu plus de 100,000 Euros
La norme des prises secteurs EDF en France est de 500 Volts.
La France a inventé les huiles essentielles
Manger est un verbe régulier en anglais
La qualité d'un écran OLED est supérieure à celle d'un écran LCD
Le blanc n'est pas une couleur
L'Alaska est le 51e état des États-Unis
Le film Titanic est sorti avant l'attaque de Pearl Harbor
Le Doliprane contient du paracétamol
La fréquence est mesurée en centimètre cube
Ceci est une bonne réponse
Cochez cette réponse
1L N3 F4UT P4S C0CH3R C3773 R3PONS3
La Chine est le pays le plus peuplé au monde
Cette phrase ne contient pas de faute d'orthographe :
"Deux milles ans après la naissance de Jésus."
 
Statistiques - réponses
Réponse % Correct
Le S.W.A.T. est une police canadienne
34%
Le film Titanic est sorti avant l'attaque de Pearl Harbor
31%
La France possède plus de 70,000,000 d'habitants
20%
Manger est un verbe régulier en anglais
20%
Un bitcoin n'a jamais valu plus de 100,000 Euros
20%
Cette phrase ne contient pas de faute d'orthographe :
"Deux milles ans après la naissance de Jésus."
19%
La fréquence est mesurée en centimètre cube
19%
L'Alaska est le 51e état des États-Unis
19%
La Chine est le pays le plus peuplé au monde
17%
Cochez cette réponse
15%
La norme des prises secteurs EDF en France est de 500 Volts.
15%
La France a inventé les huiles essentielles
8%
La Mongolie est le 7e pays le moins densément peuplé
5%
Aucun quiz correspondant
Distribution des résultats
% des personnes avec chaque résultat
Percentile par nombre de réponses
Votre historique - résultats
Vous n’avez pas pris ce quiz